00000000nam##2200000za#4500
0019.557734
003CaOODSP
00520210624172033
007cr |||||||||||
008150406|1990||||xxc|||||o    f|0| 0 eng|d
040 |aCaOODSP|beng
043 |an-cn---
0861 |aNH18-22/90-211E-IN
1102 |aCanada Mortgage and Housing Corporation.
24510|aField study of the indoor environment in mobile homes |h[electronic resource]
260 |aOttawa - Ontario : |bCanada Mortgage and Housing Corporation
300 |a2p. (287 KB)
4901 |aResearch and development highlights; technical series |v90-211
590 |a01-12|b2001-03-23
69007|aHousing|2gcpds
69007|aAir quality|2gcpds
77508|tMilieu intérieur des maisons mobiles - Étude sur le terrain |w(CaOODSP)9.607588
830#0|aResearch and development highlights; technical series ;|v90-211|w(CaOODSP)9.504481
85640|ahttp://publications.gc.ca|qPDF|s287 KB|uhttps://publications.gc.ca/collections/Collection/NH18-22-90-211E.pdf|y90-211